Crisis, monopolios y sistema político en México /

Obra integrada por cuatro ensayos: El primero habla de la crisis económica, partiendo de los sucesos de 1981 a 1983. El segundo refiere el desarrollo monopólico al abrigo de la crisis. El tercero analiza la evolución del sistema de dominación. El último estudia la situación política en los años de 1...

Celý popis

Uloženo v:
Podrobná bibliografie
Hlavní autor: Vidal, Gregorio (autor)
Médium: Kniha
Edice:(Cuadernos Universitarios ; 26)
Témata:
Tagy: Přidat tag
Žádné tagy, Buďte první, kdo vytvoří štítek k tomuto záznamu!

MARC

LEADER 00000nam^a2200000^a^4500
001 000224636
005 20250521000000.0
009 20260310104055.682
020 |a 968-840-191-9 
037 |a Acervo Xavier Clavigero 
082 |a 320. 972  |b VID 
100 |a Vidal, Gregorio  |e (autor) 
245 1 0 |a Crisis, monopolios y sistema político en México /  |c G. Vidal. 
264 |a México :  |b Universidad Autónoma Metropolitana Iztapalapa,  |c 1985 
300 |a 183 p. 
336 |a texto  |b txt  |2 rdacontenido 
337 |a sin mediación  |b n  |2 rdamedio 
338 |a volumen  |b nc  |2 rdasoporte 
440 1 |a (Cuadernos Universitarios ;  |v 26) 
520 |a Obra integrada por cuatro ensayos: El primero habla de la crisis económica, partiendo de los sucesos de 1981 a 1983. El segundo refiere el desarrollo monopólico al abrigo de la crisis. El tercero analiza la evolución del sistema de dominación. El último estudia la situación política en los años de 1981 a 1983. 
649 |a XX 
650 |a Monopolio -  |z México -  |x Tema Principal 
650 |a Crisis Económica -  |z México -  |x Tema Principal 
650 |a Crisis Política -  |z México -  |x Tema Principal 
650 |a Sistema Político -  |z México 
650 |a Economía -  |z México -  |x Historia -  |y 1976-1982 
650 |a Economía -  |z México -  |x Historia -  |y 1982-1988 
650 |a Política -  |z México -  |x Historia -  |y 1976-1982 
650 |a Política -  |z México -  |x Historia -  |y 1982-1988 
910 |a Fondo General 
920 |a Impresos - Libros 
930 |a Colección General 
905 |a 101 
901 |a 043553  |b IT1  |c ACC  |i 043553  |u 20250521 
902 |a https://opac.biblio.iteso.mx/vufind/Record/000224636